[Event "Landesklasse Ost 2025/26"]
[Site "?"]
[Date "2026.01.11"]
[Round "5.5"]
[White "Skibbe, Diana"]
[Black "Grkinic, Goran"]
[Result "0-1"]
[WhiteElo "1885"]
[BlackElo "1889"]
[WhiteFideId "-1"]
[BlackFideId "-1"]
[PlyCount "122"]
[GameId "2265133592862796"]
[EventDate "2025.09.14"]
[EventType "team-tourn"]
[EventRounds "9"]
[SourceTitle "Thueringer Schachbund"]
[Source "ThSB"]
[SourceDate "2025.09.14"]
[SourceVersion "1"]
[SourceVersionDate "2025.09.14"]
[SourceQuality "1"]
[WhiteTeam "SC Rochade Zeulenroda"]
[BlackTeam "SG Arnstadt-Stadtilm"]

{[%evp 0,44,14,13,26,26,20,17,133,5,38,43,49,48,41,39,-12,27,41,19,23,21,18,-15,-59,-16,-24,-29,-40,-49,-48,-104,-138,-167,-159,-414,-405,-351,-423,-509,-327,-402,-475,-471,-483,-555,-292]} 1. e4 e5 2. Nf3 Nf6 3. Nc3 Nc6 4. Bb5 d6 5. d4 exd4 6. Nxd4 Bd7 7. Bxc6 bxc6 8. O-O c5 9. Nde2 Be7 10. Nf4 O-O 11. Nfd5 Nxd5 12. Nxd5 Bf6 13. Qf3 Be5 14. c3 Rb8 15. Rb1 f5 16. Bf4 fxe4 17. Qg3 Rxf4 18. Nxf4 Qf8 19. Rfe1 Qxf4 20. Qxf4 Bxf4 21. b3 Bd2 22. Re2 Bxc3 23. Rc1 Bd4 24. Rxe4 Rf8 25. Re2 a5 26. Rcc2 Bf5 27. Rcd2 Bd7 28. Re7 Rf7 29. Re4 Bc6 30. Re6 Be5 31. Re2 Bd7 32. R2xe5 dxe5 33. Rxe5 Rf5 34. Re7 Rd5 35. h3 Kf8 36. Re2 a4 37. Rc2 axb3 38. axb3 Bb5 39. f4 Ke7 40. Kf2 Kd6 41. Rb2 c4 42. bxc4 Bxc4 43. Ke3 Rd3+ 44. Ke4 Rg3 45. Rd2+ Kc5 46. Ke5 c6 47. Rc2 Kb4 48. Kd6 Bd5 49. Rb2+ Kc3 50. Rb7 Bxg2 51. h4 Rg6+ 52. Ke5 c5 53. Rc7 c4 54. h5 Rh6 55. Rxg7 Rxh5+ 56. f5 Bh3 57. Rg3+ Kb4 58. Kd4 Bxf5 59. Rg7 Rh4+ 60. Ke3 Re4+ 61. Kd2 c3+ 0-1

[Event "Landesklasse Ost 2025/26"]
[Site "?"]
[Date "2026.01.11"]
[Round "5.6"]
[White "Marufke, Kai"]
[Black "Läßiger, Helko"]
[Result "1-0"]
[WhiteElo "1654"]
[BlackElo "1691"]
[WhiteFideId "-1"]
[BlackFideId "-1"]
[PlyCount "77"]
[GameId "2265137374908505"]
[EventDate "2025.09.14"]
[EventType "team-tourn"]
[EventRounds "9"]
[SourceTitle "Thueringer Schachbund"]
[Source "ThSB"]
[SourceDate "2025.09.14"]
[SourceVersion "1"]
[SourceVersionDate "2025.09.14"]
[SourceQuality "1"]
[WhiteTeam "SG Arnstadt-Stadtilm"]
[BlackTeam "SC Rochade Zeulenroda"]

{[%evp 0,66,19,30,20,-6,25,5,6,-2,8,0,30,22,26,-76,32,31,134,-55,114,90,131,59,92,85,94,72,-3,98,-13,76,113,87,126,146,28,91,62,94,7,79,225,183,197,88,245,299,384,144,435,410,586,555,594,468,656,566,662,478,598,482,610,700,445,732,730,688,291]} 1. e4 c5 2. Nc3 g6 3. f4 d6 4. Nf3 Nc6 5. Bb5 a6 6. Bxc6+ bxc6 7. O-O Bg7 8. b3 e6 9. Bb2 Ne7 10. Na4 O-O 11. Bxg7 Kxg7 12. e5 Nf5 13. c3 a5 14. Qe1 Ba6 15. Rf2 c4 16. exd6 Qxd6 17. Qe5+ f6 18. Qxd6 Nxd6 19. Re1 Kf7 20. Nd4 f5 21. Nc5 cxb3 22. axb3 a4 23. bxa4 Bc4 24. d3 Ra5 25. Nd7 Bxd3 26. Nxf8 Kxf8 27. Nxe6+ Kg8 28. Rd2 Rd5 29. Nc7 Ne4 30. Nxd5 Nxd2 31. Rd1 cxd5 32. Rxd2 Bc4 33. Kf2 Kf7 34. Ke3 Ke6 35. Kd4 Kd6 36. Rb2 Kc7 37. Kc5 h6 38. a5 g5 39. g3 1-0

[Event "Landesklasse Ost 2025/26"]
[Site "?"]
[Date "2026.01.11"]
[Round "5.7"]
[White "Barth, Christian"]
[Black "Feuerpfeil, Tyler Joel"]
[Result "1-0"]
[WhiteElo "1707"]
[BlackElo "1597"]
[WhiteFideId "-1"]
[BlackFideId "-1"]
[PlyCount "57"]
[GameId "2265139965149286"]
[EventDate "2025.09.14"]
[EventType "team-tourn"]
[EventRounds "9"]
[SourceTitle "Thueringer Schachbund"]
[Source "ThSB"]
[SourceDate "2025.09.14"]
[SourceVersion "1"]
[SourceVersionDate "2025.09.14"]
[SourceQuality "1"]
[WhiteTeam "SC Rochade Zeulenroda"]
[BlackTeam "SG Arnstadt-Stadtilm"]

{[%evp 0,57,24,34,33,32,24,12,18,5,5,-27,-3,5,-28,13,41,108,50,53,101,109,72,82,97,77,67,82,113,126,116,101,103,130,107,89,-11,100,104,101,180,1,146,171,214,212,257,170,618,1702,29474,29986,29993,29994,29995,29996,29997,29998,29999,29999]} 1. e4 c6 2. d4 d5 3. exd5 cxd5 4. c4 e6 5. c5 Nf6 6. b4 Bd7 7. Bf4 g6 8. Nc3 Nh5 9. Be3 Bg7 10. Be2 Nf6 11. Nf3 Nc6 12. Rb1 Ne4 13. Qc2 f5 14. b5 Ne7 15. Bf4 Qa5 16. Rb3 a6 17. bxa6 bxa6 18. O-O Nc6 19. Rd1 g5 20. Nxe4 fxe4 21. Nxg5 Nxd4 22. Bh5+ Ke7 23. Bd6+ Kf6 24. Nxe4+ dxe4 25. Qxe4 Nf5 26. Qe5+ Kg5 27. Rg3+ Kxh5 28. Qe2+ Kh6 29. Bf4# 1-0

[Event "Landesklasse Ost 2025/26"]
[Site "?"]
[Date "2026.01.11"]
[Round "5.8"]
[White "Schumacher, Andreas"]
[Black "Rümpler, Gabriel"]
[Result "1/2-1/2"]
[WhiteElo "1605"]
[BlackElo "1382"]
[WhiteFideId "-1"]
[BlackFideId "-1"]
[PlyCount "59"]
[GameId "2265141483532400"]
[EventDate "2025.09.14"]
[EventType "team-tourn"]
[EventRounds "9"]
[SourceTitle "Thueringer Schachbund"]
[Source "ThSB"]
[SourceDate "2025.09.14"]
[SourceVersion "1"]
[SourceVersionDate "2025.09.14"]
[SourceQuality "1"]
[WhiteTeam "SG Arnstadt-Stadtilm"]
[BlackTeam "SC Rochade Zeulenroda"]

{[%evp 0,59,31,14,-5,2,18,-37,12,11,18,23,38,35,46,34,-25,51,48,56,65,0,69,91,78,69,81,25,81,79,93,27,46,14,38,12,47,13,84,36,73,46,36,51,69,56,5,44,64,91,78,50,60,47,86,35,72,43,-38,37,-20,38]} 1. d4 Nf6 2. Bf4 b6 3. e3 Bb7 4. Nd2 e6 5. c3 Nc6 6. Ngf3 d6 7. h3 Be7 8. Be2 h6 9. O-O Qd7 10. Qc2 Rd8 11. Rad1 O-O 12. e4 Rfe8 13. Bh2 Bf8 14. Bd3 e5 15. d5 Ne7 16. a4 Ng6 17. Rfe1 a6 18. b3 Be7 19. Nc4 Rb8 20. Qe2 Ra8 21. Rb1 Reb8 22. Ne3 Re8 23. Nf5 c6 24. c4 c5 25. Bg3 a5 26. N3h4 Rf8 27. Nf3 Rad8 28. Nh2 Bc8 29. Qc2 Nh5 30. Nf1 1/2-1/2

[Event "Landesklasse Ost 2025/26"]
[Site "?"]
[Date "2026.01.11"]
[Round "5.1"]
[White "Schulz, Phillip"]
[Black "Tobal, Elias"]
[Result "0-1"]
[WhiteElo "1968"]
[BlackElo "1951"]
[WhiteFideId "-1"]
[BlackFideId "-1"]
[PlyCount "69"]
[GameId "554635571377"]
[EventDate "2025.09.14"]
[EventType "team-tourn"]
[EventRounds "9"]
[SourceTitle "Thueringer Schachbund"]
[Source "ThSB"]
[SourceDate "2025.09.14"]
[SourceVersion "1"]
[SourceVersionDate "2025.09.14"]
[SourceQuality "1"]
[WhiteTeam "TV 1887 Germania Hermsdorf"]
[BlackTeam "SC Turm Erfurt"]

{[%evp 0,69,18,18,18,-39,4,-10,-4,-8,58,6,72,59,59,51,51,49,55,47,47,7,7,6,9,0,-2,-27,-24,-51,-82,-82,-82,-133,-24,-13,-23,-32,-28,-28,25,-46,-58,-62,60,-85,-7,-44,-75,-111,-102,-79,-79,-103,163,-89,9,-101,-60,-138,-117,-188,-117,-114,-95,-95,-95,-169,-169,-172,-172,-186]} 1. d4 d5 2. c4 dxc4 3. Nf3 Nf6 4. e3 a6 5. a4 c5 6. Bxc4 e6 7. O-O Nc6 8. Nc3 Be7 9. dxc5 O-O 10. Qe2 Bxc5 11. Rd1 Qc7 12. Bd2 b6 13. Rac1 Bb7 14. Be1 Ne5 15. Nxe5 Qxe5 16. Rd3 Qg5 17. f3 e5 18. Rcd1 e4 19. fxe4 Nxe4 20. Nd5 a5 21. Qf3 Rfe8 22. Kh1 Kh8 23. Qf4 Qg6 24. h3 Bd6 25. Qg4 Qxg4 26. hxg4 Bc5 27. Kg1 Bc6 28. b3 Rad8 29. Bf2 Rd6 30. Nf4 Rxd3 31. Rxd3 g6 32. Bd5 Bxd5 33. Rxd5 Nf6 34. Rd3 Nxg4 35. Kf1 0-1

[Event "Landesklasse Ost 2025/26"]
[Site "?"]
[Date "2026.01.11"]
[Round "5.2"]
[White "McLeod, Andrew"]
[Black "Wentzel, Florian"]
[Result "0-1"]
[WhiteElo "1919"]
[BlackElo "2053"]
[WhiteFideId "-1"]
[BlackFideId "-1"]
[PlyCount "62"]
[GameId "554635571470"]
[EventDate "2025.09.14"]
[EventType "team-tourn"]
[EventRounds "9"]
[SourceTitle "Thueringer Schachbund"]
[Source "ThSB"]
[SourceDate "2025.09.14"]
[SourceVersion "1"]
[SourceVersionDate "2025.09.14"]
[SourceQuality "1"]
[WhiteTeam "SC Turm Erfurt"]
[BlackTeam "TV 1887 Germania Hermsdorf"]

{[%evp 0,62,46,29,53,53,50,48,42,40,46,61,4,6,32,-7,-6,-33,-14,-35,-9,-34,-28,-22,-28,-18,-12,-5,24,-2,-2,-19,4,-21,-18,-18,-5,11,9,-9,6,-40,-4,-44,-16,-63,-61,-85,-76,-107,-101,-143,-123,-69,-290,-290,-204,-349,-354,-368,-368,-403,-314,-335,-348]} 1. e4 e5 2. Nf3 Nc6 3. d4 exd4 4. Nxd4 Bc5 5. Nb3 Bb6 6. Qe2 Nge7 7. Nc3 O-O 8. Be3 d6 9. O-O-O Be6 10. f4 f6 11. h3 Bf7 12. g4 Qc8 13. Bg2 Na5 14. Nxa5 Bxa5 15. Nd5 Re8 16. Qf3 Nxd5 17. exd5 Qd7 18. Kb1 Re7 19. Bf2 Rae8 20. Bf1 Bb6 21. Bc4 Qa4 22. Bb3 Qa5 23. c3 Re2 24. Bxb6 Qxb6 25. Qg3 a5 26. Rh2 a4 27. Rxe2 Rxe2 28. Qd3 Re3 29. Qc2 axb3 30. axb3 Re8 31. h4 Qe3 0-1

[Event "Landesklasse Ost 2025/26"]
[Site "?"]
[Date "2026.01.11"]
[Round "5.3"]
[White "Hadlich, Gerald"]
[Black "Strohner, Maximilian"]
[Result "0-1"]
[WhiteElo "1766"]
[BlackElo "1802"]
[WhiteFideId "-1"]
[BlackFideId "-1"]
[PlyCount "72"]
[GameId "554635571439"]
[EventDate "2025.09.14"]
[EventType "team-tourn"]
[EventRounds "9"]
[SourceTitle "Thueringer Schachbund"]
[Source "ThSB"]
[SourceDate "2025.09.14"]
[SourceVersion "1"]
[SourceVersionDate "2025.09.14"]
[SourceQuality "1"]
[WhiteTeam "TV 1887 Germania Hermsdorf"]
[BlackTeam "SC Turm Erfurt"]

{[%evp 0,72,58,31,114,60,116,116,114,96,117,76,129,75,96,38,10,-2,21,18,45,34,24,-21,44,-57,-22,-44,-33,-25,-9,8,19,24,21,-29,22,-4,9,12,11,5,15,-67,-55,-47,-7,8,8,-10,20,16,31,-41,-33,-92,-144,-144,-38,-32,31,-23,-22,-52,-79,-284,-87,-291,-405,-405,-494,-494,-511,-528,-524]} 1. e4 g6 2. d4 Bg7 3. Nc3 d6 4. Be3 a6 5. Qd2 b5 6. a3 Bb7 7. f3 Nd7 8. h4 h5 9. Nh3 Rc8 10. Nf2 c5 11. Rd1 c4 12. f4 Ngf6 13. Be2 O-O 14. Bf3 e5 15. fxe5 dxe5 16. d5 Nc5 17. Bh6 Qd6 18. Bxg7 Kxg7 19. g4 Rh8 20. Ke2 Rcd8 21. Rdg1 Ne6 22. Ke1 Nf4 23. g5 Nd7 24. Ne2 Nxe2 25. Kxe2 Nc5 26. Ra1 Ne6 27. Qc3 Nd4+ 28. Kf1 a5 29. Kg2 Ra8 30. Rhf1 Rhc8 31. Qd2 f5 32. Qe3 Rf8 33. Kg1 f4 34. Qc3 b4 35. axb4 axb4 36. Qxc4 Nxf3+ 0-1

[Event "Landesklasse Ost 2025/26"]
[Site "?"]
[Date "2026.01.11"]
[Round "5.5"]
[White "Günther, Dominik"]
[Black "Stöcklein, Paul"]
[Result "0-1"]
[WhiteElo "1434"]
[BlackElo "1749"]
[WhiteFideId "-1"]
[BlackFideId "-1"]
[PlyCount "92"]
[GameId "554635571438"]
[EventDate "2025.09.14"]
[EventType "team-tourn"]
[EventRounds "9"]
[SourceTitle "Thueringer Schachbund"]
[Source "ThSB"]
[SourceDate "2025.09.14"]
[SourceVersion "1"]
[SourceVersionDate "2025.09.14"]
[SourceQuality "1"]
[WhiteTeam "TV 1887 Germania Hermsdorf"]
[BlackTeam "SC Turm Erfurt"]

{[%evp 0,92,18,18,18,-31,34,44,51,14,85,13,22,20,71,56,56,7,-4,-4,14,-23,53,14,39,-46,4,12,-17,-53,-22,-22,-10,-19,-18,-15,-20,-35,-35,-25,-5,-5,3,-20,-11,-20,-27,-27,-27,-38,-11,-29,-32,-906,20,42,42,32,-6,-6,-5,-6,30,17,17,13,10,-2,23,18,3,3,39,12,-28,-1,6,-7,0,0,0,0,-8,-62,-62,0,-7,-7,0,0,0,0,0,-450,-902]} 1. d4 Nf6 2. c4 g6 3. Nc3 d5 4. Nf3 Bg7 5. e3 O-O 6. Be2 b6 7. cxd5 Nxd5 8. Nxd5 Qxd5 9. O-O Bb7 10. Qc2 Na6 11. Rd1 Rac8 12. Qd2 Rfd8 13. b3 c5 14. Bb2 cxd4 15. Bxd4 Bxd4 16. Qxd4 Qxd4 17. Nxd4 Nc5 18. h3 e5 19. Nf3 Bxf3 20. Bxf3 e4 21. Rxd8+ Rxd8 22. Rd1 Rxd1+ 23. Bxd1 Kg7 24. Bc2 Kf6 25. b4 Nd3 26. Bxd3 exd3 27. Kf1 Ke5 28. Ke1 Kd5 29. Kd2 Kc4 30. a3 b5 31. g4 Kb3 32. Kxd3 Kxa3 33. Kc3 Ka4 34. f4 a5 35. bxa5 b4+ 36. Kc4 Kxa5 37. Kb3 Kb5 38. e4 Kc5 39. e5 Kd5 40. Kxb4 g5 41. f5 Kxe5 42. Kc5 h5 43. gxh5 Kxf5 44. Kd5 Kf6 45. Kd6 Kg7 46. Ke7 f5 0-1

[Event "Landesklasse Ost 2025/26"]
[Site "?"]
[Date "2026.01.11"]
[Round "5.6"]
[White "Boroshnev, Dmytro"]
[Black "Kretschmann, Ralph"]
[Result "1-0"]
[WhiteElo "1911"]
[BlackElo "1402"]
[WhiteFideId "-1"]
[BlackFideId "-1"]
[PlyCount "49"]
[GameId "554635571456"]
[EventDate "2025.09.14"]
[EventType "team-tourn"]
[EventRounds "9"]
[SourceTitle "Thueringer Schachbund"]
[Source "ThSB"]
[SourceDate "2025.09.14"]
[SourceVersion "1"]
[SourceVersionDate "2025.09.14"]
[SourceQuality "1"]
[WhiteTeam "SC Turm Erfurt"]
[BlackTeam "TV 1887 Germania Hermsdorf"]

{[%evp 0,49,29,15,75,63,63,84,49,46,32,67,65,65,53,52,80,93,93,65,65,38,98,51,61,15,15,12,41,-30,-24,-48,-63,-76,-10,-35,-33,-36,-45,-65,-40,-40,118,131,189,218,218,156,156,156,156,156]} 1. e4 c6 2. d4 d5 3. e5 Bf5 4. h4 h5 5. Bd3 Bxd3 6. Qxd3 e6 7. Bg5 Qa5+ 8. Nd2 Nd7 9. Ne2 Be7 10. a3 O-O-O 11. b4 Qc7 12. Bxe7 Nxe7 13. c4 dxc4 14. Qxc4 Nb6 15. Qc2 Nf5 16. Nf3 f6 17. Rc1 Nd5 18. O-O Kb8 19. Qa4 Nb6 20. Qb3 Rd5 21. Nf4 Nxd4 22. Nxd4 Rxd4 23. Nxe6 Qxe5 24. Nxd4 Qxd4 25. Qg3+ 1-0

[Event "Landesklasse Ost 2025/26"]
[Site "?"]
[Date "2026.01.11"]
[Round "5.1"]
[White "Liebold, Aaron"]
[Black "Greiner, Timo"]
[Result "1-0"]
[WhiteElo "2115"]
[BlackElo "2027"]
[WhiteFideId "-1"]
[BlackFideId "-1"]
[PlyCount "67"]
[GameId "554540444112"]
[EventDate "2025.09.14"]
[EventType "team-tourn"]
[EventRounds "9"]
[SourceTitle "Thueringer Schachbund"]
[Source "ThSB"]
[SourceDate "2025.09.14"]
[SourceVersion "1"]
[SourceVersionDate "2025.09.14"]
[SourceQuality "1"]
[WhiteTeam "ESV Gera"]
[BlackTeam "SV Thuringia Königsee"]

{[%evp 0,67,58,31,77,100,100,10,38,41,63,31,32,21,28,-35,-1,4,4,-10,13,-9,-2,-21,-1,-4,26,-1,-10,-8,-1,-1,0,0,7,7,21,-29,12,10,59,-1,70,25,33,12,65,65,159,61,64,74,86,60,318,125,233,175,186,217,241,376,432,318,342,262,457,457,29995,29996]} 1. e4 c5 2. Nf3 Nc6 3. d4 cxd4 4. Nxd4 Nf6 5. Nc3 e5 6. Ndb5 d6 7. Bg5 a6 8. Na3 b5 9. Nd5 Be7 10. Bxf6 Bxf6 11. c3 Bg5 12. Nc2 Rb8 13. h4 Bxh4 14. g3 Bg5 15. f4 exf4 16. gxf4 Bh4+ 17. Kd2 Be6 18. Kc1 Bxd5 19. exd5 Na5 20. Bd3 Bf6 21. Nb4 Qb6 22. Qf3 Nc4 23. Nc6 Rc8 24. a4 Kf8 25. axb5 axb5 26. Re1 Nxb2 27. Kxb2 b4 28. Kc2 Bxc3 29. Qh3 Rb8 30. Nxb8 Qxb8 31. Qd7 Bxe1 32. Rxe1 b3+ 33. Kb2 Qa8 34. Qe7+ 1-0

[Event "Landesklasse Ost 2025/26"]
[Site "?"]
[Date "2026.01.11"]
[Round "5.2"]
[White "Kreutzmann, Henry"]
[Black "Helmsdorf, Marius"]
[Result "0-1"]
[WhiteElo "1775"]
[BlackElo "2052"]
[WhiteFideId "-1"]
[BlackFideId "-1"]
[PlyCount "52"]
[GameId "554540444173"]
[EventDate "2025.09.14"]
[EventType "team-tourn"]
[EventRounds "9"]
[SourceTitle "Thueringer Schachbund"]
[Source "ThSB"]
[SourceDate "2025.09.14"]
[SourceVersion "1"]
[SourceVersionDate "2025.09.14"]
[SourceQuality "1"]
[WhiteTeam "SV Thuringia Königsee"]
[BlackTeam "ESV Gera"]

{[%evp 0,52,42,-17,-30,14,1,-15,-15,-23,-21,-3,-3,32,41,-2,41,-16,30,-17,-15,-30,-47,-61,19,-31,57,34,53,21,0,0,50,-22,34,-8,6,17,28,-144,-190,-197,-67,-67,-67,-49,-79,-79,-59,-174,8,-339,-472,-592,-806]} 1. c4 e5 2. Nc3 Nf6 3. Nf3 Nc6 4. e3 d5 5. cxd5 Nxd5 6. Bb5 Nxc3 7. bxc3 Bd6 8. d4 Bd7 9. O-O O-O 10. Bb2 e4 11. Nd2 f5 12. c4 Kh8 13. c5 Be7 14. Rc1 Nb4 15. Bc4 Bc6 16. a3 Nd5 17. Qc2 Bg5 18. g3 Nxe3 19. fxe3 Bxe3+ 20. Rf2 Bxf2+ 21. Kxf2 Qg5 22. Kg1 e3 23. Nf1 f4 24. Qd3 e2 25. Nd2 fxg3 26. hxg3 Rae8 0-1

[Event "Landesklasse Ost 2025/26"]
[Site "?"]
[Date "2026.01.11"]
[Round "5.3"]
[White "Puschendorf, Steffen"]
[Black "Häusler, Willi"]
[Result "1-0"]
[WhiteElo "2023"]
[BlackElo "1725"]
[WhiteFideId "-1"]
[BlackFideId "-1"]
[PlyCount "33"]
[GameId "554540444174"]
[EventDate "2025.09.14"]
[EventType "team-tourn"]
[EventRounds "9"]
[SourceTitle "Thueringer Schachbund"]
[Source "ThSB"]
[SourceDate "2025.09.14"]
[SourceVersion "1"]
[SourceVersionDate "2025.09.14"]
[SourceQuality "1"]
[WhiteTeam "ESV Gera"]
[BlackTeam "SV Thuringia Königsee"]

{[%evp 0,33,42,42,77,94,93,122,178,154,154,119,196,159,138,138,232,349,472,430,557,585,720,725,745,614,635,495,496,471,515,492,509,509,488,484]} 1. d4 a5 2. e4 d6 3. Nf3 f6 4. Bc4 e5 5. O-O Bg4 6. h3 Bxf3 7. Qxf3 exd4 8. Qh5+ g6 9. Qd5 Qd7 10. Qxb7 c6 11. Qxa8 Qc7 12. Bxg8 Rxg8 13. b4 axb4 14. Qa4 Qb6 15. Qb3 Rg7 16. a3 Ra7 17. Bb2 1-0

[Event "Landesklasse Ost 2025/26"]
[Site "?"]
[Date "2026.01.11"]
[Round "5.4"]
[White "Möller, Frank"]
[Black "Hanmuradov, Ülwi"]
[Result "1-0"]
[WhiteElo "1801"]
[BlackElo "1821"]
[WhiteFideId "-1"]
[BlackFideId "-1"]
[PlyCount "61"]
[GameId "554540444189"]
[EventDate "2025.09.14"]
[EventType "team-tourn"]
[EventRounds "9"]
[SourceTitle "Thueringer Schachbund"]
[Source "ThSB"]
[SourceDate "2025.09.14"]
[SourceVersion "1"]
[SourceVersionDate "2025.09.14"]
[SourceQuality "1"]
[WhiteTeam "SV Thuringia Königsee"]
[BlackTeam "ESV Gera"]

{[%evp 0,61,42,-36,-11,1,23,0,0,-14,16,3,19,20,65,41,58,58,52,52,85,58,45,52,52,17,17,13,13,13,20,5,24,-81,227,-38,53,137,137,37,332,213,252,219,261,243,269,156,161,147,232,235,229,234,234,233,260,242,473,646,646,1057,1193,1204]} 1. c4 e6 2. Nc3 d5 3. d4 Nf6 4. Nf3 Be7 5. Bf4 O-O 6. e3 b6 7. Rc1 Bb7 8. cxd5 exd5 9. Bd3 c5 10. O-O Nc6 11. Ne5 cxd4 12. exd4 Nxd4 13. Bxh7+ Kxh7 14. Qxd4 Rc8 15. Qd3+ Kg8 16. Qf5 g6 17. Qh3 Ne4 18. Nxe4 dxe4 19. Rcd1 Qe8 20. Nd7 Ba6 21. Rfe1 Bc4 22. Nxf8 Bxf8 23. Bh6 Be6 24. Qh4 Be7 25. Qxe4 Bf6 26. b3 Rc5 27. Bf4 Rh5 28. Rd6 Qb5 29. Rxe6 fxe6 30. Qxg6+ Bg7 31. Rxe6 1-0

[Event "Landesklasse Ost 2025/26"]
[Site "?"]
[Date "2026.01.11"]
[Round "5.6"]
[White "Quandt, Friedbert"]
[Black "Kupper, Matthias"]
[Result "1/2-1/2"]
[WhiteElo "1648"]
[BlackElo "1721"]
[WhiteFideId "-1"]
[BlackFideId "-1"]
[PlyCount "21"]
[GameId "554540444191"]
[EventDate "2025.09.14"]
[EventType "team-tourn"]
[EventRounds "9"]
[SourceTitle "Thueringer Schachbund"]
[Source "ThSB"]
[SourceDate "2025.09.14"]
[SourceVersion "1"]
[SourceVersionDate "2025.09.14"]
[SourceQuality "1"]
[WhiteTeam "SV Thuringia Königsee"]
[BlackTeam "ESV Gera"]

{[%evp 0,21,42,18,18,6,5,41,64,26,31,17,19,21,45,15,31,54,90,57,57,17,31,30]} 1. d4 d5 2. Bf4 Nf6 3. e3 c6 4. c3 Bf5 5. Bd3 Bxd3 6. Qxd3 Nh5 7. Bg3 e6 8. Nf3 Bd6 9. Bxd6 Qxd6 10. O-O Nd7 11. Nbd2 1/2-1/2

[Event "Landesklasse Ost 2025/26"]
[Site "?"]
[Date "2026.01.11"]
[Round "5.7"]
[White "Meusel, Theo"]
[Black "Margraf, Moritz"]
[Result "1/2-1/2"]
[WhiteElo "1554"]
[BlackElo "1525"]
[WhiteFideId "-1"]
[BlackFideId "-1"]
[PlyCount "20"]
[GameId "554540444192"]
[EventDate "2025.09.14"]
[EventType "team-tourn"]
[EventRounds "9"]
[SourceTitle "Thueringer Schachbund"]
[Source "ThSB"]
[SourceDate "2025.09.14"]
[SourceVersion "1"]
[SourceVersionDate "2025.09.14"]
[SourceQuality "1"]
[WhiteTeam "ESV Gera"]
[BlackTeam "SV Thuringia Königsee"]

{[%evp 0,20,18,8,28,33,33,33,73,3,21,23,79,26,-10,-55,-43,-26,-29,-39,-26,-34,10]} 1. e4 e6 2. Nf3 d5 3. exd5 exd5 4. d4 Nf6 5. Bf4 Bd6 6. Bxd6 Qxd6 7. c3 O-O 8. Be2 Bg4 9. O-O c6 10. Ne5 Bxe2 1/2-1/2

[Event "Landesklasse Ost 2025/26"]
[Site "?"]
[Date "2026.01.11"]
[Round "5.1"]
[White "Link, Moritz"]
[Black "Besancon, Pascal"]
[Result "0-1"]
[WhiteElo "1672"]
[BlackElo "1930"]
[WhiteFideId "-1"]
[BlackFideId "-1"]
[PlyCount "78"]
[GameId "553034213043"]
[EventDate "2025.09.14"]
[EventType "team-tourn"]
[EventRounds "9"]
[SourceTitle "Thueringer Schachbund"]
[Source "ThSB"]
[SourceDate "2025.09.14"]
[SourceVersion "1"]
[SourceVersionDate "2025.09.14"]
[SourceQuality "1"]
[WhiteTeam "SV Schott Jena 2"]
[BlackTeam "Schachklub Weida"]

{[%evp 0,78,16,26,34,72,69,73,79,76,76,39,27,27,22,24,46,-20,-28,-77,-77,-80,-80,-96,-77,-85,-61,-61,-50,-151,-128,-141,-155,-214,-214,-214,-238,-256,-230,-308,-303,-303,-315,-311,-342,-364,-363,-404,-412,-472,-439,-598,-509,-558,-491,-568,-560,-563,-412,-560,-561,-561,-496,-580,-614,-722,-646,-646,-662,-876,-733,-722,-696,-696,-701,-844,-844,-848,-1150,-29999,-30000]} 1. e4 d6 2. d4 Nf6 3. Nc3 e5 4. Nf3 Nbd7 5. Rg1 c6 6. g4 h6 7. a3 Qe7 8. d5 Nc5 9. h3 Ncxe4 10. Nxe4 Nxe4 11. Be3 Qc7 12. Bc4 Be7 13. Qd3 Nf6 14. g5 Nxd5 15. Bxd5 Qa5+ 16. b4 Qxd5 17. Qxd5 cxd5 18. O-O-O d4 19. Bd2 Bxh3 20. gxh6 gxh6 21. Rg3 Bf5 22. Rdg1 Kd7 23. Rh1 h5 24. b5 h4 25. Rg2 h3 26. Rgh2 Rag8 27. Ng1 d5 28. Nxh3 Rg7 29. Nf4 Rxh2 30. Rxh2 exf4 31. Bxf4 Bxa3+ 32. Kd2 Rg1 33. Ke2 Bxc2 34. Rh8 Bb4 35. Rb8 b6 36. Rb7+ Ke6 37. Rxa7 d3+ 38. Kf3 Bc5 39. Ra8 Bd1# 0-1

[Event "Landesklasse Ost 2025/26"]
[Site "?"]
[Date "2026.01.11"]
[Round "5.2"]
[White "Schlierf, Andre"]
[Black "Skarus, Steffen"]
[Result "0-1"]
[WhiteElo "1781"]
[BlackElo "1747"]
[WhiteFideId "-1"]
[BlackFideId "-1"]
[PlyCount "68"]
[GameId "553034666002"]
[EventDate "2025.09.14"]
[EventType "team-tourn"]
[EventRounds "9"]
[SourceTitle "Thueringer Schachbund"]
[Source "ThSB"]
[SourceDate "2025.09.14"]
[SourceVersion "1"]
[SourceVersionDate "2025.09.14"]
[SourceQuality "1"]
[WhiteTeam "Schachklub Weida"]
[BlackTeam "SV Schott Jena 2"]

{[%evp 0,68,56,-14,-30,14,3,-16,54,14,17,21,21,-25,-9,-11,13,32,7,-21,22,17,40,23,34,-6,33,21,45,6,80,73,104,77,77,55,52,37,35,43,66,3,74,78,101,81,80,80,105,97,103,84,74,82,165,100,195,134,170,170,215,230,209,135,120,51,112,-211,-214,-411,-448]} 1. c4 e5 2. Nc3 d6 3. g3 f5 4. Bg2 Nf6 5. d3 Be7 6. e3 O-O 7. Nge2 c6 8. O-O Be6 9. f4 Qd7 10. b3 a5 11. Qd2 Na6 12. Rd1 Qc7 13. Bb2 Rad8 14. Rac1 Bc8 15. d4 Ng4 16. h3 Nf6 17. d5 Nc5 18. Rc2 Rfe8 19. Kh2 Nh5 20. Nc1 g5 21. Qe2 Ng7 22. Nd3 exf4 23. gxf4 gxf4 24. Nxf4 Bg5 25. Qf3 Qe7 26. Re2 Rf8 27. Rg1 Qf7 28. Bf1 Bf6 29. Reg2 Kh8 30. Nd1 Rg8 31. Qe2 Be5 32. Nf2 Rde8 33. Qf3 Bxb2 34. e4 Be5 0-1